The ultimate team-building toolkit : (Record no. 522545)
[ view plain ]
| 000 -LEADER | |
|---|---|
| fixed length control field | 01148cam a22003014a 4500 |
| 001 - CONTROL NUMBER | |
| control field | 12430006 |
| 003 - CONTROL NUMBER IDENTIFIER | |
| control field | NUST |
| 005 - DATE AND TIME OF LATEST TRANSACTION | |
| control field | 20181031044123.0 |
| 008 - FIXED-LENGTH DATA ELEMENTS--GENERAL INFORMATION | |
| fixed length control field | 010604s2002 nyu 000 0 eng |
| 010 ## - LIBRARY OF CONGRESS CONTROL NUMBER | |
| LC control number | 2001034116 |
| 020 ## - INTERNATIONAL STANDARD BOOK NUMBER | |
| International Standard Book Number | 0814471250 (looseleaf) |
| 038 ## - RECORD CONTENT LICENSOR | |
| Staff Name | Arshad |
| 040 ## - CATALOGING SOURCE | |
| Original cataloging agency | DLC |
| Transcribing agency | DLC |
| Modifying agency | DLC |
| 042 ## - AUTHENTICATION CODE | |
| Authentication code | pcc |
| 050 00 - LIBRARY OF CONGRESS CALL NUMBER | |
| Classification number | HD66 |
| Item number | .H367 2002 |
| 082 00 - DEWEY DECIMAL CLASSIFICATION NUMBER | |
| Classification number | 658.402 |
| Author Mark | HAR |
| 100 1# - MAIN ENTRY--PERSONAL NAME | |
| Personal name | Hardingham, Alison, |
| Dates associated with a name | 1955- |
| 9 (RLIN) | 12507 |
| 245 14 - TITLE STATEMENT | |
| Title | The ultimate team-building toolkit : |
| Remainder of title | 32 exercises for trainers / |
| Statement of responsibility, etc. | Alison Hardingham and Charlotte Ellis. |
| 260 ## - PUBLICATION, DISTRIBUTION, ETC. | |
| Place of publication, distribution, etc. | New York : |
| Name of publisher, distributor, etc. | AMACOM, |
| Date of publication, distribution, etc. | 2002. |
| 300 ## - PHYSICAL DESCRIPTION | |
| Extent | 371 p. ; |
| Dimensions | 30 cm. |
| 500 ## - GENERAL NOTE | |
| General note | Rev. ed. of: Exercises for team development. 1999. |
| 650 #0 - SUBJECT ADDED ENTRY--TOPICAL TERM | |
| Topical term or geographic name entry element | Teams in the workplace |
| Form subdivision | Problems, exercises, etc. |
| 9 (RLIN) | 12508 |
| 700 1# - ADDED ENTRY--PERSONAL NAME | |
| Personal name | Ellis, Charlotte, |
| Dates associated with a name | 1966- |
| 9 (RLIN) | 12509 |
| 700 1# - ADDED ENTRY--PERSONAL NAME | |
| Personal name | Hardingham, Alison, |
| Dates associated with a name | 1955- |
| Title of a work | Exercises for team development. |
| 9 (RLIN) | 12510 |
| 906 ## - LOCAL DATA ELEMENT F, LDF (RLIN) | |
| a | 7 |
| b | cbc |
| c | orignew |
| d | 1 |
| e | ocip |
| f | 20 |
| g | y-gencatlg |
| 942 ## - ADDED ENTRY ELEMENTS (KOHA) | |
| Source of classification or shelving scheme | |
| Koha item type | Book |
| Withdrawn status | Lost status | Source of classification or shelving scheme | Damaged status | Not for loan | Collection code | Permanent Location | Current Location | Shelving location | Date acquired | Total Checkouts | Full call number | Barcode | Date last seen | Copy number | Price effective from | Koha item type |
|---|---|---|---|---|---|---|---|---|---|---|---|---|---|---|---|---|
| Central Library (CL) | Central Library (CL) | Book Cart | 10/31/2018 | 658.402 HAR | CL-D-70 | 10/31/2018 | 1 | 10/31/2018 | Book |
